Düşümde ve Dışımda : Öykü (Record no. 4182)

000 -LEADER
fixed length control field 00612nam a22001937a 4500
008 - FIXED-LENGTH DATA ELEMENTS--GENERAL INFORMATION
fixed length control field 210223b ||||| |||| 00| j eng d
020 ## - INTERNATIONAL STANDARD BOOK NUMBER
International Standard Book Number 9754584532
041 ## - LANGUAGE CODE
Language code of text/sound track or separate title Türkçe
050 ## - LIBRARY OF CONGRESS CALL NUMBER
Classification number PL248.D87
100 ## - MAIN ENTRY--PERSONAL NAME
9 (RLIN) 1029
Personal name Duru, Orhan
245 ## - TITLE STATEMENT
Title Düşümde ve Dışımda : Öykü
Statement of responsibility, etc. Yayına Hazırlayan : Mürşit Balabanlılar
250 ## - EDITION STATEMENT
Edition statement 1.Basım
260 ## - PUBLICATION, DISTRIBUTION, ETC.
Place of publication, distribution, etc. İstanbul:
Name of publisher, distributor, etc. Türkiye İş Bankası Kültür Yayınları,
Date of publication, distribution, etc. Mayıs 2003
300 ## - PHYSICAL DESCRIPTION
Extent 188 Sayfa
500 ## - GENERAL NOTE
General note Genel Yayın : 688
Edebiyat Dizisi : 280
650 #0 - SUBJECT ADDED ENTRY--TOPICAL TERM
9 (RLIN) 145
Topical term or geographic name entry element Türk Edebiyatı
700 ## - ADDED ENTRY--PERSONAL NAME
9 (RLIN) 1642
Personal name Balabanlılar, Mürşit
942 ## - ADDED ENTRY ELEMENTS (KOHA)
Source of classification or shelving scheme
Koha item type Books
Holdings
Withdrawn status Lost status Source of classification or shelving scheme Damaged status Not for loan Permanent Location Current Location Shelving location Date acquired Full call number Barcode Date last seen Price effective from Koha item type
        Ödünç verilemez İmren Ahmet Tüzün Kütüphanesi İmren Ahmet Tüzün Kütüphanesi Ahmet Tüzün 2021-02-23 PL248.D87 100100004506 2021-02-23 2021-02-23 Books

This software was implemented, installed and managed by Devinim Software Training Consulting .